College Quizbowl Stats
College Quizbowl Stats
Circuits
Seasons
Sets
Records
Detailed Stats
About
Loading...
Canada
Tossups
Bonuses
Players
Teams
Categories (Tossup)
Categories (Bonus)
Charlotte Wilcox
Southampton A
Categories
Category
Powers
Gets
Negs
BBs
Points
Earliest Buzz
Avg. Buzz
First Buzzes
Top 3 Buzzes
BPA
PVF
History - American
0
1
0
0
10
78
78.00
1
1
0.00
0.00
Science - Chemistry
0
1
0
1
10
117
117.00
0
0
0.00
0.00
Mythology
0
0
0
0
0
0.00
0
0
0.00
0.00
Science - Biology
0
0
1
0
-5
0.00
0
0
0.00
0.00
Buzzes
Category
Answer
Value
Buzz Position
History - American
Portland, Oregon
10
78
Science - Biology
vesicles
-5
83
Science - Chemistry
bond rotation
0
110
Science - Chemistry
capillary action
10
117
Science - Biology
molecular chaperones
0
119
Science - Biology
DNA topoisomerases
0
122
Mythology
Holi
0
141
Previous
1
Next